000 00424nam a2200145 a 4500
001 000037122
005 20200930080144.0
008 120216s1974 sp a 000 0 spa d
040 _aDO-SdBNP
_bspa
_cBNPHU
082 _axxxx
245 0 0 _aEpopeyas hispanoamericanas. /
_cpreparada por Luis Casasnovas Marques.
250 _a2a ed.
260 _aLeón, España :
_bEverest,
_c1974.
300 _a283 p. :
_bils., retr. ;
_c22 cm.
999 _c36612
_d36612